000 00307nam a2200133Ia 4500
008 240624s9999 xx 000 0 und d
041 _aeng
082 _a823 NIC
100 _aNICHOLLS DAVID
245 _aUS NOVEL
260 _c2015
_aNew Delhi
_bHodder
300 _a395 : p. : cm. ; 17
365 _cRS
_b30
999 _c26841
_d26841